[Event "Muensterland Regionalliga Gr2 2223"]
[Site "Germany"]
[Date "2023.01.14"]
[Round "4.2"]
[White "Tuente, Marcel"]
[Black "Grund, Wolfgang"]
[Result "1-0"]
[WhiteElo "1845"]
[BlackElo "1916"]
[PlyCount "59"]
[EventDate "2022.09.03"]
[EventType "team-tourn"]
[EventRounds "5"]
[EventCountry "GER"]
[SourceTitle "EXT 2024"]
[Source "ChessBase"]
[SourceDate "2023.10.10"]
[SourceVersion "1"]
[SourceVersionDate "2023.10.10"]
[SourceQuality "1"]
[WhiteTeam "Raesfeld Erle II"]
[BlackTeam "Duelmen"]
[WhiteTeamCountry "GER"]
[BlackTeamCountry "GER"]

1. e4 c5 2. Nc3 Nc6 3. f4 g6 4. Nf3 Bg7 5. Bb5 Nd4 6. a4 e6 7. 0-0 Ne7 8. d3 0-0 9. Bc4 d5 10. Ba2 b6 11. e5 Nxf3+ 12. Rxf3 Nf5 13. Bd2 Bb7 14. Rh3 Qc7 15. Qe1 a6 16. Ne2 d4 17. Ng3 Nxg3 18. Rxg3 Qc6 19. h4 h5 20. Qe2 Qxa4 21. Rxg6 Qxc2 22. Rxg7+ Kxg7 23. f5 Kg8 24. fxe6 Qxb2 25. exf7+ Rxf7 26. Bxf7+ Kxf7 27. Rf1+ Ke6 28. Qxh5 Kd7 29. Qh6 Re8 30. Qd6+ 1-0

[Event "Muensterland Regionalliga Gr2 2223"]
[Site "Germany"]
[Date "2022.11.05"]
[Round "3.2"]
[White "Grund, Wolfgang"]
[Black "Schroer, Klaus"]
[Result "0-1"]
[WhiteElo "1916"]
[BlackElo "1998"]
[PlyCount "88"]
[EventDate "2022.09.03"]
[EventType "team-tourn"]
[EventRounds "5"]
[EventCountry "GER"]
[SourceTitle "EXT 2024"]
[Source "ChessBase"]
[SourceDate "2023.10.10"]
[SourceVersion "1"]
[SourceVersionDate "2023.10.10"]
[SourceQuality "1"]
[WhiteTeam "Duelmen"]
[BlackTeam "Borken"]
[WhiteTeamCountry "GER"]
[BlackTeamCountry "GER"]

1. e4 Nc6 2. d4 e5 3. d5 Nce7 4. c4 Ng6 5. Be3 Nf6 6. Nc3 Bb4 7. Bd3 0-0 8. Nge2 d6 9. h3 Bd7 10. Qb3 a5 11. 0-0 Nh5 12. a3 Bxc3 13. Qxc3 Qh4 14. Kh2 Nhf4 15. Bxf4 exf4 16. Nd4 Ne5 17. Be2 b6 18. Nf3 Nxf3+ 19. Qxf3 a4 20. Rac1 Rfe8 21. Rc3 Re5 22. g4 fxg3+ 23. fxg3 Qxh3+ 24. Kg1 f6 25. Rf2 Qh6 26. Rh2 Qg6 27. Re3 Rae8 28. Rh4 h6 29. Qh1 Qg5 30. Kf2 f5 31. Bd3 Rf8 32. Rf4 fxe4 33. Rexe4 Rxf4+ 34. Rxf4 Bf5 35. Qf3 Bg6 36. Rf8+ Kh7 37. Rf4 Bxd3 38. Qxd3+ Qg6 39. Qd1 Qe8 40. Qd3+ Qg6 41. Qd1 Kg8 42. Kg2 Re3 43. Rf3 Qe4 44. Qf1 g5 0-1

[Event "Muensterland Regionalliga Gr2 2223"]
[Site "Germany"]
[Date "2022.09.03"]
[Round "1.1"]
[White "Kamphuis, Jasper"]
[Black "Grund, Wolfgang"]
[Result "1-0"]
[WhiteElo "2081"]
[BlackElo "1916"]
[PlyCount "81"]
[EventDate "2022.09.03"]
[EventType "team-tourn"]
[EventRounds "5"]
[EventCountry "GER"]
[SourceTitle "EXT 2024"]
[Source "ChessBase"]
[SourceDate "2023.10.10"]
[SourceVersion "1"]
[SourceVersionDate "2023.10.10"]
[SourceQuality "1"]
[WhiteTeam "Gronau"]
[BlackTeam "Duelmen"]
[WhiteTeamCountry "GER"]
[BlackTeamCountry "GER"]

1. e4 c5 2. Nf3 Nc6 3. d4 cxd4 4. Nxd4 e5 5. Nb5 a6 6. Nd6+ Bxd6 7. Qxd6 Qf6 8. Qd3 Nge7 9. Nc3 0-0 10. h4 h6 11. g4 Nd4 12. Bg2 Qe6 13. f3 b5 14. Nd5 Nxd5 15. exd5 Qg6 16. Kd2 b4 17. c3 bxc3+ 18. bxc3 Nb5 19. a4 Nd6 20. Ba3 e4 21. fxe4 Qxg4 22. Qf3 Qxf3 23. Bxf3 Nc4+ 24. Kd3 Nxa3 25. Rxa3 d6 26. Rb1 f5 27. Rb6 Rd8 28. a5 Kf7 29. Rab3 f4 30. c4 g5 31. e5 Bf5+ 32. Be4 Bxe4+ 33. Kxe4 dxe5 34. c5 Re8 35. Rxh6 gxh4 36. Rb7+ Kg8 37. Kf5 Rab8 38. Rxb8 Rxb8 39. Kxe5 f3 40. Rxh4 f2 41. Rg4+ 1-0

[Event "Muensterland Regionalliga 2122"]
[Site "Germany"]
[Date "2021.11.13"]
[Round "3.2"]
[White "Grund, Wolfgang"]
[Black "Rosing, Hermann"]
[Result "1/2-1/2"]
[WhiteElo "1913"]
[BlackElo "1988"]
[PlyCount "63"]
[EventDate "2021.10.02"]
[EventType "team-tourn"]
[EventRounds "3"]
[EventCountry "GER"]
[SourceTitle "EXT 2023"]
[Source "ChessBase"]
[SourceDate "2022.10.05"]
[SourceVersion "1"]
[SourceVersionDate "2022.10.05"]
[SourceQuality "1"]
[WhiteTeam "Duelmen"]
[BlackTeam "Ahaus Wessum"]
[WhiteTeamCountry "GER"]
[BlackTeamCountry "GER"]

1. e4 b6 2. d4 Bb7 3. Nc3 e6 4. Bd3 Nf6 5. Nf3 Bb4 6. Qe2 d5 7. e5 Ne4 8. Bd2 Nxd2 9. Qxd2 c5 10. 0-0 Nc6 11. Qf4 h6 12. a3 Bxc3 13. bxc3 0-0 14. h3 f6 15. exf6 Qxf6 16. Qg4 c4 17. Bg6 Bc8 18. Qh5 Bd7 19. Rae1 Be8 20. Bxe8 Raxe8 21. Ne5 Nxe5 22. Rxe5 Qf7 23. Qe2 Qd7 24. Re1 Rf6 25. Qh5 Ref8 26. f3 Rf5 27. Qg4 Rxe5 28. Rxe5 Rf5 29. Re2 Qd6 30. Qg6 Rf6 31. Qe8+ Kh7 32. Qa4 1/2-1/2

[Event "Muensterland Regionalliga 1920"]
[Site "Germany"]
[Date "2019.11.09"]
[Round "3.2"]
[White "Liesmann, Karsten"]
[Black "Grund, Wolfgang"]
[Result "0-1"]
[WhiteElo "1996"]
[BlackElo "1889"]
[PlyCount "68"]
[EventDate "2019.09.07"]
[EventType "team-tourn"]
[EventRounds "7"]
[EventCountry "GER"]
[SourceTitle "EXT 2023"]
[Source "ChessBase"]
[SourceDate "2022.10.05"]
[SourceVersion "1"]
[SourceVersionDate "2022.10.05"]
[SourceQuality "1"]
[WhiteTeam "Bocholt"]
[BlackTeam "Duelmen"]
[WhiteTeamCountry "GER"]
[BlackTeamCountry "GER"]

1. d4 d5 2. Nf3 e6 3. e3 Bd6 4. Bd3 Nf6 5. 0-0 Nc6 6. Nbd2 Nb4 7. Be2 0-0 8. b3 b6 9. a3 Na6 10. Bd3 c6 11. Bb2 Nc7 12. Ne5 Qe8 13. f4 Ba6 14. c4 Bxe5 15. fxe5 Nd7 16. Rf3 f5 17. exf6 Rxf6 18. Rh3 h6 19. e4 Rf4 20. e5 Qe7 21. Qe2 Raf8 22. Rf1 Rxf1+ 23. Nxf1 c5 24. Bb1 Rf4 25. Bc1 Rxd4 26. Bxh6 Rh4 27. Bc1 dxc4 28. bxc4 Bxc4 29. Qe1 Rxh3 30. gxh3 Nf8 31. Ng3 Qh4 32. Kg2 Bd5+ 33. Be4 Ng6 34. Qe3 Qd8 0-1

[Event "Muensterland Regionalliga 1920"]
[Site "Germany"]
[Date "2019.09.07"]
[Round "1.2"]
[White "Schulze Ameling, Hendrik"]
[Black "Grund, Wolfgang"]
[Result "1-0"]
[WhiteElo "1991"]
[BlackElo "1889"]
[PlyCount "50"]
[EventDate "2019.09.07"]
[EventType "team-tourn"]
[EventRounds "7"]
[EventCountry "GER"]
[SourceTitle "EXT 2023"]
[Source "ChessBase"]
[SourceDate "2022.10.05"]
[SourceVersion "1"]
[SourceVersionDate "2022.10.05"]
[SourceQuality "1"]
[WhiteTeam "Ahaus Wessum"]
[BlackTeam "Duelmen"]
[WhiteTeamCountry "GER"]
[BlackTeamCountry "GER"]

1. d4 d5 2. Nf3 e6 3. c4 c6 4. Nc3 dxc4 5. a4 Bb4 6. g3 Nf6 7. Bg2 0-0 8. 0-0 h6 9. Qc2 a5 10. e4 b6 11. Bf4 Bb7 12. Rfd1 Nbd7 13. e5 Nd5 14. Ne4 Nxf4 15. gxf4 b5 16. axb5 cxb5 17. Neg5 Re8 18. Qh7+ Kf8 19. Qh8+ Ke7 20. Qxg7 hxg5 21. Nxg5 Rf8 22. Bxb7 Rb8 23. Bg2 Qe8 24. d5 Rg8 25. Qh7 Rh8 1-0

[Event "Muensterland Verbandsliga 1819"]
[Site "Germany"]
[Date "2019.03.16"]
[Round "8.2"]
[White "Beckmann, David"]
[Black "Grund, Wolfgang"]
[Result "0-1"]
[WhiteElo "2034"]
[BlackElo "1855"]
[PlyCount "82"]
[EventDate "2018.09.01"]
[EventType "team-tourn"]
[EventRounds "9"]
[EventCountry "GER"]
[SourceTitle "EXT 2020"]
[Source "ChessBase"]
[SourceDate "2019.10.17"]
[SourceVersion "1"]
[SourceVersionDate "2019.10.17"]
[SourceQuality "1"]
[WhiteTeam "Borken"]
[BlackTeam "Duelmen"]
[WhiteTeamCountry "GER"]
[BlackTeamCountry "GER"]

1. d4 d5 2. Nf3 g6 3. g3 Bg7 4. Bg2 Nc6 5. 0-0 Bg4 6. c3 Nf6 7. Nbd2 0-0 8. h3 Be6 9. e4 Nxe4 10. Nxe4 dxe4 11. Ng5 Bc4 12. Re1 f5 13. b3 Bf7 14. Nxf7 Rxf7 15. Be3 e6 16. f3 exf3 17. Qxf3 e5 18. dxe5 Bxe5 19. Rad1 Qf6 20. Bd2 Rd8 21. Bf1 Kg7 22. Qe3 Rxd2 23. Rxd2 Bxc3 24. Red1 Bxd2 25. Qxd2 Re7 26. Bg2 Ne5 27. Qb4 b6 28. Rd8 Nf7 29. Ra8 a5 30. Qa3 Nd6 31. Qc1 Qd4+ 32. Kh2 Ne4 33. Qf4 Qf2 34. Qxf2 Nxf2 35. Kg1 Ne4 36. g4 fxg4 37. hxg4 Nc3 38. a3 Kh6 39. Rc8 Kg5 40. Bf3 Nb5 41. a4 Nd4 0-1

[Event "Muensterland Verbandsliga 1819"]
[Site "Germany"]
[Date "2019.02.16"]
[Round "7.2"]
[White "Grund, Wolfgang"]
[Black "Berger, Alfred Josef"]
[Result "1/2-1/2"]
[WhiteElo "1855"]
[BlackElo "1886"]
[PlyCount "33"]
[EventDate "2018.09.01"]
[EventType "team-tourn"]
[EventRounds "9"]
[EventCountry "GER"]
[SourceTitle "EXT 2020"]
[Source "ChessBase"]
[SourceDate "2019.10.17"]
[SourceVersion "1"]
[SourceVersionDate "2019.10.17"]
[SourceQuality "1"]
[WhiteTeam "Duelmen"]
[BlackTeam "Heiden"]
[WhiteTeamCountry "GER"]
[BlackTeamCountry "GER"]

1. e4 d6 2. d4 Nf6 3. Bd3 e5 4. d5 g6 5. Ne2 Bg7 6. Ng3 c6 7. c4 Nbd7 8. Be3 h5 9. f3 Nc5 10. Bc2 a5 11. 0-0 cxd5 12. cxd5 b6 13. Qd2 Ba6 14. Rf2 0-0 15. Bh6 h4 16. Nf1 Nh5 17. Be3 1/2-1/2

[Event "Muensterland Verbandsliga 1718"]
[Site "Germany"]
[Date "2018.04.14"]
[Round "8.3"]
[White "Grund, Wolfgang"]
[Black "Kipp, Lucas"]
[Result "1/2-1/2"]
[WhiteElo "1884"]
[BlackElo "1878"]
[PlyCount "78"]
[EventDate "2017.09.09"]
[EventType "team-tourn"]
[EventRounds "9"]
[EventCountry "GER"]
[SourceTitle "EXT 2019"]
[Source "ChessBase"]
[SourceDate "2018.10.10"]
[SourceVersion "1"]
[SourceVersionDate "2018.10.10"]
[SourceQuality "1"]
[WhiteTeam "Duelmen"]
[BlackTeam "Nienberge II"]
[WhiteTeamCountry "GER"]
[BlackTeamCountry "GER"]

1. e4 e6 2. d4 d5 3. e5 c5 4. c3 Qb6 5. Nf3 Bd7 6. Be2 Bb5 7. 0-0 Nc6 8. Bxb5 Qxb5 9. Na3 Qb6 10. Nc2 Nh6 11. Ne3 Be7 12. h3 0-0-0 13. a4 f6 14. a5 Qc7 15. exf6 Bxf6 16. a6 Nf7 17. axb7+ Qxb7 18. dxc5 h5 19. Nc2 g5 20. Nfd4 g4 21. Nxc6 Qxc6 22. Rxa7 Rd7 23. Nb4 Qxc5 24. Rxd7 Kxd7 25. Qa4+ Ke7 26. Be3 Qc4 27. Qa3 Ke8 28. h4 Bxh4 29. Bd4 Rg8 30. Re1 Nd8 31. Bb6 g3 32. f4 Be7 33. Qa7 Rg4 34. Qa4+ Kf8 35. Be3 Rxf4 36. Qd1 Bc5 37. Nc2 Rf2 38. Nd4 Bxd4 39. Bxd4 Rf5 1/2-1/2

[Event "Muensterland Regionalliga 1516"]
[Site "Germany"]
[Date "2016.02.27"]
[Round "7.4"]
[White "Luetkehermoelle, Martin"]
[Black "Grund, Wolfgang"]
[Result "0-1"]
[WhiteElo "1938"]
[BlackElo "1854"]
[PlyCount "73"]
[EventDate "2015.09.05"]
[EventType "team"]
[EventRounds "9"]
[EventCountry "GER"]
[SourceTitle "EXT 2017"]
[Source "ChessBase"]
[SourceDate "2016.10.25"]
[SourceVersion "1"]
[SourceVersionDate "2016.10.25"]
[SourceQuality "1"]
[WhiteTeam "Gronau"]
[BlackTeam "Duelmen"]
[WhiteTeamCountry "GER"]
[BlackTeamCountry "GER"]

1. e4 c5 2. Nf3 Nc6 3. d4 cxd4 4. Nxd4 e5 5. Nb5 a6 6. Nd6+ Bxd6 7. Qxd6 Qf6 8. Qd1 Nge7 9. Nc3 d6 10. Be3 0-0 11. Be2 b5 12. a4 b4 13. Nd5 Nxd5 14. Qxd5 Bb7 15. 0-0 Nd8 16. Qd3 Rc8 17. Bf3 Rc6 18. a5 Ne6 19. Qd2 Rc4 20. b3 Nd4 21. Bxd4 Rxd4 22. Qe2 Qg6 23. Rfe1 Rc8 24. Rad1 Rxd1 25. Rxd1 h6 26. Kf1 Rc5 27. Ra1 Bc6 28. Qd2 Bxe4 29. Bxe4 Qxe4 30. Rc1 Rd5 31. Qe1 Qxe1+ 32. Kxe1 Rxa5 33. c3 Rc5 34. c4 d5 35. Ra1 dxc4 36. bxc4 a5 37. Kd2 0-1

[Event "Muensterland Regionalliga 1415"]
[Site "Germany"]
[Date "2015.05.16"]
[Round "9.2"]
[White "Grund, Wolfgang"]
[Black "Althoff, Franz"]
[Result "1-0"]
[WhiteElo "1832"]
[BlackElo "2021"]
[PlyCount "93"]
[EventDate "2014.09.20"]
[EventType "team-tourn"]
[EventRounds "9"]
[EventCountry "GER"]
[SourceTitle "EXT 2016"]
[Source "ChessBase"]
[SourceDate "2015.10.08"]
[SourceVersion "1"]
[SourceVersionDate "2015.10.08"]
[SourceQuality "1"]
[WhiteTeam "Duelmen"]
[BlackTeam "Nienberge"]
[WhiteTeamCountry "GER"]
[BlackTeamCountry "GER"]

1. e4 c5 2. Nf3 d6 3. d4 cxd4 4. Nxd4 Nf6 5. Nc3 a6 6. Be2 e5 7. Nb3 Be6 8. Be3 Be7 9. 0-0 Qc7 10. h3 Nbd7 11. Qd2 b5 12. Bd3 Nb6 13. Bxb6 Qxb6 14. Rae1 0-0 15. Re3 Nh5 16. Rf3 Nf4 17. Ne2 Ng6 18. Ng3 Nh4 19. Rf5 Nxf5 20. exf5 Bc4 21. Nh5 f6 22. Bxc4+ bxc4 23. Qd5+ Kh8 24. Qxc4 Rac8 25. Qe6 Rce8 26. Rd1 Qc7 27. g4 d5 28. Rxd5 Qxc2 29. Rd7 Bc5 30. Nxc5 Qc1+ 31. Kh2 Rxe6 32. Nxe6 Rb8 33. Rxg7 Rxb2 34. Nxf6 Rxf2+ 35. Kg3 Qe3+ 36. Kh4 Qh6+ 37. Kg3 Qxg7 38. Nxg7 Rxa2 39. Ne6 a5 40. Nd7 Ra3+ 41. Kf2 e4 42. Ne5 Rb3 43. f6 a4 44. f7 Rb8 45. Nc4 h6 46. f8Q+ Rxf8+ 47. Nxf8 1-0

[Event "Muensterland Verbandsliga 1213"]
[Site "Germany"]
[Date "2013.04.13"]
[Round "8.6"]
[White "Sandmann, Sebastian"]
[Black "Grund, Wolfgang"]
[Result "0-1"]
[WhiteElo "1668"]
[BlackElo "1849"]
[PlyCount "46"]
[EventDate "2012.09.22"]
[EventType "team-tourn"]
[EventRounds "9"]
[EventCountry "GER"]
[SourceTitle "EXT 2015"]
[Source "ChessBase"]
[SourceDate "2014.11.20"]
[SourceVersion "1"]
[SourceVersionDate "2014.11.20"]
[SourceQuality "1"]
[WhiteTeam "Ostbevern Westbevern"]
[BlackTeam "Duelmen"]
[WhiteTeamCountry "GER"]
[BlackTeamCountry "GER"]

1. e4 c5 2. f4 e5 3. Nf3 exf4 4. Bc4 Nc6 5. Nc3 Be7 6. 0-0 d6 7. d4 g5 8. d5 Ne5 9. Nxe5 dxe5 10. b3 Nf6 11. Bb2 a6 12. Qe1 b5 13. Bd3 Qb6 14. Kh1 h5 15. Nd1 Ng4 16. c4 Bd7 17. h3 Qf6 18. Kg1 Nh6 19. Qa5 g4 20. hxg4 hxg4 21. g3 f3 22. Kf2 Ng8 23. Ne3 Rh2+ 0-1

[Event "Muensterland Verbandsliga 1213"]
[Site "Germany"]
[Date "2012.09.22"]
[Round "1.7"]
[White "Grund, Wolfgang"]
[Black "Rothkegel, Juergen"]
[Result "1/2-1/2"]
[WhiteElo "1849"]
[BlackElo "1885"]
[PlyCount "69"]
[EventDate "2012.09.22"]
[EventType "team-tourn"]
[EventRounds "9"]
[EventCountry "GER"]
[SourceTitle "EXT 2015"]
[Source "ChessBase"]
[SourceDate "2014.11.20"]
[SourceVersion "1"]
[SourceVersionDate "2014.11.20"]
[SourceQuality "1"]
[WhiteTeam "Duelmen"]
[BlackTeam "Gronau"]
[WhiteTeamCountry "GER"]
[BlackTeamCountry "GER"]

1. e4 c5 2. Nf3 d6 3. Bc4 e6 4. d4 cxd4 5. Nxd4 Nf6 6. Nc3 a6 7. Bb3 Nbd7 8. 0-0 Nc5 9. Qe2 Be7 10. Bd2 0-0 11. h3 Qc7 12. Rae1 Nxb3 13. cxb3 b5 14. Rc1 Qd7 15. Be3 Bb7 16. f3 Rac8 17. b4 Rfd8 18. Rfd1 Qe8 19. Qf2 d5 20. exd5 Nxd5 21. Nxd5 Bxd5 22. a3 Rxc1 23. Rxc1 Rc8 24. Qd2 Bd6 25. Ne2 Rxc1+ 26. Qxc1 Qc6 27. Bc5 Be5 28. Qd2 Qc7 29. Nc3 Bc4 30. Ne4 Bd5 31. Nc3 Bb7 32. Qd3 f5 33. Qe3 Kf7 34. Qg5 Bc6 35. Qd2 1/2-1/2

[Event "Muensterland Verbandsklasse-B 1112"]
[Site "Germany"]
[Date "2012.05.12"]
[Round "9.3"]
[White "Grund, Wolfgang"]
[Black "Scharlow, Siegmar"]
[Result "1/2-1/2"]
[WhiteElo "1890"]
[BlackElo "1711"]
[PlyCount "29"]
[EventDate "2011.09.17"]
[EventType "team-tourn"]
[EventRounds "9"]
[EventCountry "GER"]
[SourceTitle "EXT 2013"]
[Source "ChessBase"]
[SourceDate "2012.11.22"]
[SourceVersion "1"]
[SourceVersionDate "2012.11.22"]
[SourceQuality "1"]
[WhiteTeam "Duelmen"]
[BlackTeam "Nienberge II"]
[WhiteTeamCountry "GER"]
[BlackTeamCountry "GER"]

1. e4 c5 2. Nf3 Nc6 3. d4 cxd4 4. Nxd4 g6 5. Nxc6 bxc6 6. Qd4 Nf6 7. e5 Nd5 8. c4 Qb6 9. c5 Qb4+ 10. Qxb4 Nxb4 11. Na3 Na6 12. Be3 e6 13. Rc1 Rb8 14. Bxa6 Bxa6 15. b3 1/2-1/2

[Event "Muensterland Verbandsklasse-B 1112"]
[Site "Germany"]
[Date "2012.04.21"]
[Round "8.3"]
[White "Klein, Bjoern"]
[Black "Grund, Wolfgang"]
[Result "1-0"]
[WhiteElo "1888"]
[BlackElo "1890"]
[PlyCount "107"]
[EventDate "2011.09.17"]
[EventType "team-tourn"]
[EventRounds "9"]
[EventCountry "GER"]
[SourceTitle "EXT 2013"]
[Source "ChessBase"]
[SourceDate "2012.11.22"]
[SourceVersion "1"]
[SourceVersionDate "2012.11.22"]
[SourceQuality "1"]
[WhiteTeam "Steinfurt"]
[BlackTeam "Duelmen"]
[WhiteTeamCountry "GER"]
[BlackTeamCountry "GER"]

1. d4 d5 2. Nf3 c6 3. c4 Nf6 4. cxd5 cxd5 5. Nc3 e6 6. Bf4 Bd6 7. Bxd6 Qxd6 8. e3 a6 9. Bd3 Nc6 10. 0-0 Nb4 11. Qa4+ Bd7 12. Bb5 Nc6 13. Be2 0-0 14. Rac1 b5 15. Qd1 Rac8 16. Bd3 h6 17. Qe2 Rfe8 18. Rfd1 Na5 19. Ne5 Nh7 20. Bxh7+ Kxh7 21. Nxf7 Qe7 22. Ne5 Rf8 23. Qd3+ Kg8 24. Ng6 Qf6 25. Nxf8 Rxf8 26. Qf1 Nc4 27. b3 Nd6 28. f4 Nf5 29. Qf2 Be8 30. Ne2 Bg6 31. Rc6 Ne7 32. Rc7 Nf5 33. Rdc1 Nd6 34. Ng3 h5 35. Qe1 h4 36. Nf1 Be4 37. Nd2 g5 38. Nxe4 Nxe4 39. Qe2 Qg6 40. Qg4 Rf5 41. Rc8+ Kg7 42. R1c7+ Rf7 43. Rxf7+ Kxf7 44. Rc7+ Ke8 45. Rc6 Kd7 46. Rc1 Nc3 47. Re1 Qc2 48. fxg5 Qd2 49. Qxh4 Ne2+ 50. Kf1 Nc3 51. Qf2 Qd3+ 52. Kg1 Ne4 53. Qe2 Qc3 54. g6 1-0

[Event "Muensterland Verbandsklasse-B 1112"]
[Site "Germany"]
[Date "2012.02.11"]
[Round "6.3"]
[White "Boerger, Andreas1111"]
[Black "Grund, Wolfgang"]
[Result "1-0"]
[WhiteElo "1644"]
[BlackElo "1890"]
[PlyCount "81"]
[EventDate "2011.09.17"]
[EventType "team-tourn"]
[EventRounds "9"]
[EventCountry "GER"]
[SourceTitle "EXT 2013"]
[Source "ChessBase"]
[SourceDate "2012.11.22"]
[SourceVersion "1"]
[SourceVersionDate "2012.11.22"]
[SourceQuality "1"]
[WhiteTeam "Reckenfeld"]
[BlackTeam "Duelmen"]
[WhiteTeamCountry "GER"]
[BlackTeamCountry "GER"]

1. e4 c5 2. Nf3 Nc6 3. d4 cxd4 4. Nxd4 e5 5. Nb5 d6 6. N1c3 a6 7. Na3 b5 8. Nd5 Be6 9. c3 Rc8 10. Nc2 Nf6 11. Bg5 Bxd5 12. Bxf6 Qxf6 13. Qxd5 Be7 14. Be2 0-0 15. 0-0 Rfd8 16. Ne3 Bf8 17. Rfd1 g6 18. a4 b4 19. Bxa6 bxc3 20. Bxc8 Rxc8 21. bxc3 Nd8 22. Qb3 Ne6 23. Nd5 Qh4 24. g3 Qh3 25. a5 Ng5 26. Rd3 Nxe4 27. Qd1 Rb8 28. Qf3 f5 29. Qg2 Qh6 30. Re3 Ng5 31. a6 Rb2 32. a7 Nh3+ 33. Qxh3 Qxh3 34. a8Q Rxf2 35. Kxf2 Qxh2+ 36. Kf1 e4 37. Qa2 Qh1+ 38. Ke2 Qh5+ 39. Kd2 Qh2+ 40. Kd1 Qg1+ 41. Kc2 1-0

[Event "Muensterland Verbandsklasse-B 1112"]
[Site "Germany"]
[Date "2011.11.12"]
[Round "3.3"]
[White "Grund, Wolfgang"]
[Black "Kornick, Ulrich"]
[Result "1/2-1/2"]
[WhiteElo "1890"]
[BlackElo "1894"]
[PlyCount "130"]
[EventDate "2011.09.17"]
[EventType "team-tourn"]
[EventRounds "9"]
[EventCountry "GER"]
[SourceTitle "EXT 2013"]
[Source "ChessBase"]
[SourceDate "2012.11.22"]
[SourceVersion "1"]
[SourceVersionDate "2012.11.22"]
[SourceQuality "1"]
[WhiteTeam "Duelmen"]
[BlackTeam "Rheine Klein Berlin II"]
[WhiteTeamCountry "GER"]
[BlackTeamCountry "GER"]

1. e4 e5 2. f4 Bc5 3. Nf3 d6 4. Bc4 Nc6 5. f5 Nf6 6. d3 d5 7. exd5 Nxd5 8. Qe2 f6 9. Qe4 Nce7 10. g4 h5 11. Nh4 hxg4 12. Qxg4 g5 13. Ng2 Bxf5 14. Qe2 Qd7 15. Nc3 Nxc3 16. bxc3 0-0-0 17. Be3 Qc6 18. Bxc5 Qxc5 19. Rb1 Bd7 20. Qe3 Qxe3+ 21. Nxe3 Rh3 22. Nd5 Nxd5 23. Bxd5 c6 24. Bg2 Rh4 25. 0-0 Rf4 26. Rfe1 Rh8 27. Rb4 Kc7 28. d4 exd4 29. cxd4 Rfh4 30. Re7 Rxh2 31. Rf7 f5 32. d5 R2h4 33. c4 R8h7 34. Rf6 b6 35. dxc6 Bc8 36. Ra4 a5 37. Bd5 Rd4 38. Ra3 f4 39. Rf3 Rg7 40. Rf1 Ba6 41. Rc1 g4 42. Bf7 Rd6 43. Rxf4 Kxc6 44. Re1 Rg5 45. a3 Kc5 46. Re7 Rd1+ 47. Kg2 g3 48. Be8 Rd2+ 49. Kg1 g2 50. Rc7+ Kd6 51. Rd7+ Ke5 52. Rxd2 Kxf4 53. Bc6 Ke3 54. Rb2 Bxc4 55. Rxb6 Bf1 56. Rb1 Kd3 57. Rb8 Rh5 58. Bxg2 Bxg2 59. Kxg2 Kc2 60. Kg3 Rc5 61. Kf2 Rc3 62. a4 Rc4 63. Ke2 Rxa4 64. Rb5 Ra3 65. Rd5 a4 1/2-1/2

[Event "Muensterland Verbandsklasse-A 1011"]
[Site "Germany"]
[Date "2011.04.09"]
[Round "9.4"]
[White "Grund, Wolfgang"]
[Black "Scharlow, Siegmar"]
[Result "1/2-1/2"]
[WhiteElo "1834"]
[BlackElo "1780"]
[PlyCount "67"]
[EventDate "2010.09.18"]
[EventType "team-tourn"]
[EventRounds "9"]
[EventCountry "GER"]
[SourceTitle "EXT 2012"]
[Source "ChessBase"]
[SourceDate "2011.11.24"]
[SourceVersion "1"]
[SourceVersionDate "2011.11.24"]
[SourceQuality "1"]
[WhiteTeam "Duelmen"]
[BlackTeam "Nienberge II"]
[WhiteTeamCountry "GER"]
[BlackTeamCountry "GER"]

1. e4 c5 2. Nf3 Nc6 3. Bc4 g6 4. d4 cxd4 5. Nxd4 Bg7 6. Nxc6 bxc6 7. 0-0 e6 8. c3 d5 9. exd5 cxd5 10. Bd3 Nf6 11. Bg5 Qb6 12. Qe2 0-0 13. Na3 Re8 14. Be3 Qd6 15. Nb5 Qe7 16. b4 Ba6 17. Bc5 Qd7 18. a4 e5 19. Rad1 e4 20. Bc2 Qg4 21. Qe3 Re5 22. h3 Qh5 23. f4 exf3 24. Qxf3 Qxf3 25. Rxf3 Bxb5 26. axb5 Nd7 27. Bd4 Re2 28. Bxg7 Kxg7 29. Rxd5 Nb6 30. Bd1 Nxd5 31. Bxe2 Rc8 32. c4 Nxb4 33. Bd1 Rxc4 34. Rxf7+ 1/2-1/2

[Event "Muensterland Verbandsklasse-A 0910"]
[Site "Germany"]
[Date "2010.03.20"]
[Round "8.4"]
[White "Grund, Wolfgang"]
[Black "Boerger, Andreas"]
[Result "1/2-1/2"]
[WhiteElo "1836"]
[BlackElo "1805"]
[PlyCount "90"]
[EventDate "2009.09.19"]
[EventType "team-tourn"]
[EventRounds "9"]
[EventCountry "GER"]
[SourceTitle "EXT 2011"]
[Source "ChessBase"]
[SourceDate "2010.11.26"]
[SourceVersion "1"]
[SourceVersionDate "2010.11.26"]
[SourceQuality "1"]
[WhiteTeam "Duelmen"]
[BlackTeam "Muenster SK IV"]
[WhiteTeamCountry "GER"]
[BlackTeamCountry "GER"]

1. e4 e6 2. d4 d5 3. e5 c5 4. c3 Nc6 5. Nf3 Nge7 6. Bd3 Nf5 7. 0-0 cxd4 8. Bxf5 exf5 9. cxd4 Qb6 10. Nc3 Be6 11. Ne2 Be7 12. b4 0-0 13. Rb1 Rac8 14. Rb3 Rc7 15. Ng5 Rfc8 16. Nxe6 fxe6 17. Be3 Nd8 18. a3 Qb5 19. Rb2 Qb6 20. Qd3 Rc4 21. b5 Ra4 22. Rb3 Rac4 23. g3 Qc7 24. Rfb1 b6 25. Kg2 Nb7 26. Bd2 Kf7 27. Qf3 Kg8 28. Rc1 Rxc1 29. Nxc1 Qc2 30. Qd3 Na5 31. Bxa5 Qxc1 32. Bc3 h5 33. a4 h4 34. a5 bxa5 35. Bxa5 hxg3 36. hxg3 Kf7 37. Rc3 Rxc3 38. Bxc3 Qa3 39. Qc2 g6 40. Bd2 g5 41. g4 f4 42. Qh7+ Ke8 43. Qg6+ Kd7 44. Qc2 Ke8 45. Bc3 Kf7 1/2-1/2